| 000 | 00380nam a22001697a 4500 | ||
|---|---|---|---|
| 003 | SGT | ||
| 020 | _a9783131003737 | ||
| 082 |
_a612.015 _bC12K |
||
| 100 | _aKOOLMAN,JAN | ||
| 245 | _aCOLOR ATLAS OF BIOCHEMISTRY | ||
| 250 | _a3RD | ||
| 260 |
_aNEW YORK _bTHIEME _c2012 |
||
| 300 | _a495 | ||
| 650 | _aBIOCHEMISTRY | ||
| 653 | _aCOLOR , ATLAS, BIOCHEMISTRY | ||
| 942 |
_2ddc _cBK |
||
| 999 |
_c29052 _d29052 |
||